Korean ( Hangul ) Alphabet - Statistics

General Stats
  • This quiz has been taken 109 times
  • The average score is 31 of 40
Answer Stats
% Correct
G / K
97%
N / N
97%
A
95%
R / L
95%
S / T
93%
B / P
91%
D / T
91%
I
90%
J / T
88%
U
88%
M / M
86%
O
86%
K / K
84%
H / T
83%
SS / T
83%
T / T
83%
CH / T
81%
EO
81%
' / NG
81%
P / P
81%
KK / K
78%
E
76%
JJ / '
76%
PP / '
76%
YEO
76%
YO
76%
YA
74%
AE
72%
EU
72%
TT / '
72%
YU
72%
WI
69%
WA
66%
YAE
64%
YE
64%
UI
62%
WAE
62%
WE
62%
WO
62%
OE
33%
No matching quizzes found
Score Distribution
Percent of People with Each Score
Percentile by Number Answered
Your Score History
You have not taken this quiz